College Quizbowl Stats
College Quizbowl Stats
Circuits
Seasons
Sets
Records
Detailed Stats
About
Loading...
2024 ACF Winter at Online
Tossups
Bonuses
Players
Teams
Categories (Tossup)
Categories (Bonus)
Abbie Ahlbrandt
Arkansas A
Categories
Category
Powers
Gets
Negs
BBs
Points
Earliest Buzz
Avg. Buzz
First Buzzes
Top 3 Buzzes
BPA
PVF
Fine Arts - Visual
0
2
0
0
20
89
98.50
0
1
5.73
15.28
Pop Culture
0
1
0
1
10
142
142.00
0
0
0.00
6.25
Fine Arts - Other
0
1
1
0
5
131
131.00
0
0
0.25
6.17
History - European
0
0
0
0
0
0.00
0
0
0.00
0.00
Buzzes
Category
Answer
Value
Buzz Position
Fine Arts - Other
nightclubs
-5
78
Fine Arts - Visual
The Ecstasy of Saint Theresa
10
89
Fine Arts - Visual
quilts
10
108
History - European
Great Exhibition
0
127
Fine Arts - Other
knitting
10
131
Pop Culture
sex worker
10
142
Previous
1
Next